Manual práctico de contratación laboral (Registro nro. 135)

Detalles MARC
000 -LEADER
fixed length control field 01184 a2200253 4500
001 - CONTROL NUMBER
control field 175
005 - DATE AND TIME OF LATEST TRANSACTION
control field 20260407155414.0
008 - FIXED-LENGTH DATA ELEMENTS--GENERAL INFORMATION
fixed length control field 260407a1995 arg spa d
003 - CONTROL NUMBER IDENTIFIER
control field AR-UNSa-BCEJYS
040 ## - CATALOGING SOURCE
Original cataloging agency AR-UNSa-BCEJYS
Language of cataloging spa
Transcribing agency AR-UNSa-BCEJYS
080 ## - UNIVERSAL DECIMAL CLASSIFICATION NUMBER
Universal Decimal Classification number 349.22:331.106
Common auxiliary subdivision Contrato de trabajo
020 ## - INTERNATIONAL STANDARD BOOK NUMBER
International Standard Book Number 978-950-739-407-2
041 ## - LANGUAGE CODE
Language code of text/sound track or separate title spa
100 1# - MAIN ENTRY--PERSONAL NAME
Personal name Caubet, Amanda Beatriz
245 10 - TITLE STATEMENT
Title Manual práctico de contratación laboral
250 ## - EDITION STATEMENT
Edition statement 2a. ed
264 #1 - PRODUCTION, PUBLICATION, DISTRIBUTION, MANUFACTURE, AND COPYRIGHT NOTICE
Place of production, publication, distribution, manufacture Buenos Aires :
Name of producer, publisher, distributor, manufacturer Errepar
Date of production, publication, distribution, manufacture, or copyright notice 1995
300 ## - PHYSICAL DESCRIPTION
Extent 477 p.
Dimensions 27 cm
505 ## - FORMATTED CONTENTS NOTE
Formatted contents note 1. La evolución del derecho del trabajo y la contratación laboral - 2. Contratación - 3. Empresario y empleador - 4. Contratistas y subcontratista - 5. El contrato de trabajo - 6. Relaciones excluidas del derecho del trabajo, casos dudosos y relaciones especiales - 7. Alcance de las obligaciones contractuales - 8. Modalidades del contrato - 9. Programas y ayudas especiales implementadas por el M.T. y S.S. para fomento de empleo - 10. Registraciones - 11.Legislación
590 ## - LOCAL NOTE (RLIN)
Local note niveau_biblio:m niveau_hierar:0
700 1# - ADDED ENTRY--PERSONAL NAME
Personal name Fernández Madrid, Juan Carlos
700 1# - ADDED ENTRY--PERSONAL NAME
Personal name Roson de Planells, María Elvira
942 ## - ADDED ENTRY ELEMENTS (KOHA)
Koha item type
Existencias
Withdrawn status Lost status Damaged status Not for loan Home library Current library Shelving location Date acquired Total checkouts Full call number Barcode Date last seen Price effective from Koha item type
        Biblioteca Prof. Eusebio Cleto del Rey Biblioteca Prof. Eusebio Cleto del Rey   07/04/2026   349.22:331.106 F362 2ed. L117469 07/04/2026 07/04/2026 Libro
        Biblioteca Prof. Eusebio Cleto del Rey Biblioteca Prof. Eusebio Cleto del Rey   07/04/2026   349.22:331.106 F362 2ed. L85347 07/04/2026 07/04/2026 Libro
        Biblioteca Prof. Eusebio Cleto del Rey Biblioteca Prof. Eusebio Cleto del Rey   07/04/2026   349.22:331.106 F362 2ed. L70095 07/04/2026 07/04/2026 Libro
        Biblioteca Prof. Eusebio Cleto del Rey Biblioteca Prof. Eusebio Cleto del Rey   07/04/2026   349.22:331.106 F362 2ed. L85345 07/04/2026 07/04/2026 Libro
        Biblioteca Prof. Eusebio Cleto del Rey Biblioteca Prof. Eusebio Cleto del Rey   07/04/2026   349.22:331.106 F362 2ed. L85346 07/04/2026 07/04/2026 Libro